[Event "Belgacom international championshp"]
[Site "Watermaal-Bosvoorde"]
[Date "1994.04.??"]
[Round "4"]
[White "Lane, Gary William"]
[Black "Dutreeuw, Marc"]
[Result "0-1"]
[WhiteElo "2435"]
[WhiteTitle "IM"]
[BlackElo "2415"]
[BlackTitle "FM"]
[Source "Oude-God Schakel 1994/5"]

1. e4 c5 2. Nc3 Nc6 3. Nf3 d6 4. d4 cxd4 5. Nxd4 Nf6 6. f4 g6 7. Nf3 Bg7 8. Bd3
Qb6 9. Qe2 O-O 10. Rb1 Nb4 11. Be3 Qa5 12. O-O Nxd3 13. cxd3 b6 14. h3 Bb7
15. g4 Rac8 16. Nd4 Qa6 17. Rbd1 Rxc3 18. bxc3 Nxe4 19. Qc2 Nc5 20. c4 Ba8
21. Kh2 Qb7 22. Nf3 f5 23. d4 Ne6 24. d5 fxg4 25. Ne1 Nc7 26. hxg4 b5 27. Rb1
Qc8 28. cxb5 Qxg4 29. Qxc7 Bxd5 30. Qc2 Qh4+ 31. Kg1 Qh1+ 32. Kf2 Qh2+ 0-1

[Event "Belgacom international championshp"]
[Site "Watermaal-Bosvoorde"]
[Date "1994.04.??"]
[Round "4"]
[White "Cekro, Ekrem"]
[Black "Cools, Gorik"]
[Result "0-1"]
[WhiteElo "2415"]
[BlackElo "2300"]
[Source "Oude-God Schakel 1994/5"]

1. c4 e5 2. Nc3 Bb4 3. Nf3 Nc6 4. g3 Nge7 5. Bg2 O-O 6. O-O d6 7. d3 Bxc3
8. bxc3 Rb8 9. a4 b6 10. Ne1 Bg4 11. h3 Be6 12. Nc2 Qd7 13. Kh2 f5 14. f4 Na5
15. Nb4 Ng6 16. e3 e4 17. dxe4 fxe4 18. Bxe4 Bxh3 19. Re1 Rbe8 20. Bf3 Be6
21. Kg2 Bxc4 22. Rh1 Rf7 23. Rb1 Qf5 24. Rb2 Nf8 25. Rh5 Qf6 26. Nd5 Qd8 27. Nb4
Nd7 28. Qc2 Nf6 29. Rxa5 bxa5 30. Nc6 Qd7 31. Qd1 Qf5 32. Qd4 Bd5 33. Bxd5 Qxd5+
34. Qxd5 Nxd5 35. Kf3 Nxc3 36. Rb7 Nxa4 37. Rxa7 Nc5 38. Rxa5 Nb3 0-1

[Event "Belgacom international championshp"]
[Site "Watermaal-Bosvoorde"]
[Date "1994.04.??"]
[Round "?"]
[White "Bolzoni, Victor-Angel"]
[Black "Carlier, Bruno"]
[Result "1-0"]
[WhiteElo "2295"]
[BlackElo "2355"]
[BlackTitle "IM"]
[PlyCount "75"]
[Source "Personal correspondence with Mr. Alain Talon"]

1. e4 g6 2. d4 Bg7 3. Nc3 c6 4. Nf3 d5 5. Be2 Bg4 6. exd5 cxd5 7. Ne5 Bxe2 8. Qxe2 a6 9. Qf3 Nf6 10. Bg5 O-O 11. O-O-O b5 12. Bxf6 exf6 13. Ng4 Nc6 14. Rhe1 h5 15. Ne3 f5 16. Ne2 Re8 17. Qxd5 Qxd5 18. Nxd5 Nxd4 19. Nxd4 Rxe1 20. Rxe1 Bxd4 21. Re2 Kg7 22. c3 Bc5 23. Kc2 Bd6 24. h3 Rd8 25. Kb3 g5 26. Ne3 Kg6 27. Rd2 g4 28. Rd5 f4 29. Nf5 f3 30. hxg4 fxg2 31. Nh4+ Kf6 32. Nxg2 hxg4 33. Rd4 Kg5 34. Ne3 g3 35. fxg3 Bc7 36. Rg4+ Kh5 37. Rg7 Rd7 38. Nf5 1-0

[Event "Belgacom international championshp"]
[Site "Watermaal-Bosvoorde"]
[Date "1994.04.??"]
[Round "?"]
[White "Bolzoni, Victor-Angel"]
[Black "Cekro, Ekrem"]
[Result "0-1"]
[WhiteElo "2295"]
[BlackElo "2415"]
[PlyCount "94"]
[Source "Personal correspondence with Mr. Alain Talon"]

1. e4 g6 2. d4 Bg7 3. Nc3 d6 4. Bc4 c6 5. Bb3 Nf6 6. Bg5 h6 7. Bh4 O-O 8. Qd2 b5 9. Bxf6 exf6 10. Nxb5 f5 11. Qf4 d5 12. h4 Re8 13. Nc3 fxe4 14. O-O-O Na6 15. Nge2 Nc7 16. f3 exf3 17. gxf3 h5 18. Rdg1 Ne6 19. Qd2 Qf6 20. Ba4 Bb7 21. Rd1 Rac8 22. f4 Bh6 23. Rdf1 Ba6 24. Rf2 Re7 25. Bxc6 Nxf4 26. Nxf4 Qxc6 27. Ncxd5 Rb7 28. Re1 Qa4 29. Ne7+ Rxe7 30. Rxe7 Qxa2 31. Qe3 Bb5 32. Rg2 Qa1+ 33. Kd2 Qa5+ 34. c3 Qb6 35. d5 Qd6 36. Re5 Bd7 37. Kc1 Qa6 38. Rg1 Bxf4 39. Qxf4 Qa1+ 40. Kc2 Qxg1 41. Re2 Bf5+ 42. Kb3 Qb6+ 43. Ka3 Qa6+ 44. Qa4 Qxe2 45. Qxa7 Qe1 46. d6 Qa1+ 47. Kb4 Qxa7 0-1

[Event "Belgacom international championshp"]
[Site "Watermaal-Bosvoorde"]
[Date "1994.04.??"]
[Round "?"]
[White "Carlier, Bruno"]
[Black "Cools, Gorik"]
[Result "1-0"]
[WhiteElo "2355"]
[BlackElo "2300"]
[WhiteTitle "IM"]
[PlyCount "89"]
[Source "Personal correspondence with Mr. Alain Talon"]

1. e4 c5 2. c3 b6 3. d4 Bb7 4. d5 Nf6 5. Qc2 e6 6. c4 exd5 7. exd5 d6 8. Bd3 Be7 9. Ne2 O-O 10. O-O Nbd7 11. f4 b5 12. b3 bxc4 13. bxc4 Re8 14. h3 Bf8 15. Nbc3 Ba6 16. a4 g6 17. Bd2 Bg7 18. Nb5 Bxb5 19. axb5 a6 20. bxa6 Qc8 21. a7 Qc7 22. Nc3 Nb6 23. Nb5 Qd7 24. Ba5 Nbxd5 25. cxd5 Nxd5 26. Qa4 Bxa1 27. Rxa1 Re3 28. Be4 Qe6 29. Re1 Rxe1+ 30. Bxe1 Nb6 31. Qc2 Rxa7 32. Nxa7 d5 33. Bf2 dxe4 34. Qxc5 Nd7 35. Qc8+ Kg7 36. Qc3+ Kh6 37. Nc6 f5 38. Bd4 Qa2 39. Bg7+ Kh5 40. Qe1 Qb3 41. Nd4 Qd3 42. Kh2 h6 43. Ne6 g5 44. Qa5 Kh4 45. Bxh6 1-0

[Event "Belgacom international championshp"]
[Site "Watermaal-Bosvoorde"]
[Date "1994.04.??"]
[Round "?"]
[White "Carlier, Bruno"]
[Black "Cekro, Ekrem"]
[Result "0-1"]
[WhiteElo "2355"]
[BlackElo "2415"]
[WhiteTitle "IM"]
[PlyCount "86"]
[Source "Personal correspondence with Mr. Alain Talon"]

1. e4 d6 2. d4 g6 3. Nc3 Bg7 4. Be3 c6 5. Qd2 Nf6 6. h3 b5 7. Bd3 Nbd7 8. Nf3 Qc7 9. O-O O-O 10. Bh6 e5 11. dxe5 dxe5 12. Ne2 Rb8 13. Ng3 Re8 14. Nh2 c5 15. c3 Rb6 16. Rad1 c4 17. Bc2 Nc5 18. Bxg7 Kxg7 19. f4 exf4 20. Rxf4 Ng8 21. Rdf1 f6 22. Qf2 Nd7 23. Ng4 Qc5 24. Ne3 Kh8 25. Nd5 Qxf2+ 26. R4xf2 Rd6 27. Rd2 Nc5 28. Rdf2 Kg7 29. Nc7 Re7 30. Nxb5 Rb6 31. a4 Ba6 32. Nd4 Rxb2 33. Re1 Bc8 34. Rd2 Nxa4 35. Nc6 Rc7 36. Bxa4 Rxd2 37. e5 fxe5 38. Ne4 Ra2 39. Bb5 Rb2 40. Ba4 Bb7 41. Nxe5 Bxe4 42. Rxe4 Re7 43. Bc6 Rb6 0-1

[Event "Belgacom international championshp"]
[Site "Watermaal-Bosvoorde"]
[Date "1994.04.??"]
[Round "?"]
[White "Carlier, Bruno"]
[Black "Geenen, Marc"]
[Result "1-0"]
[WhiteElo "2355"]
[BlackElo "2320"]
[WhiteTitle "IM"]
[BlackTitle "FM"]
[PlyCount "87"]
[Source "Personal correspondence with Mr. Alain Talon"]

1. e4 e5 2. Nc3 Nc6 3. Bc4 Nf6 4. d3 Bc5 5. Bg5 Na5 6. Bb3 h6 7. Bh4 d6 8. Nge2 O-O 9. Na4 Bb6 10. Nxb6 axb6 11. f3 Nxb3 12. axb3 Rxa1 13. Qxa1 Be6 14. Qc1 g5 15. Bf2 Kg7 16. h4 Nd7 17. Be3 f6 18. g3 Rh8 19. f4 g4 20. f5 Bf7 21. h5 Qg8 22. Rh4 Kf8 23. Qa1 Ke7 24. Qa7 Qa8 25. Qxa8 Rxa8 26. Nc3 c6 27. Nd1 d5 28. Nf2 d4 29. Bxh6 Rh8 30. Nxg4 c5 31. c4 Rh7 32. b4 cxb4 33. Bd2 Rxh5 34. Bxb4+ Nc5 35. Rxh5 Bxh5 36. Nf2 Be8 37. g4 Kf7 38. Bxc5 bxc5 39. Nh3 Bd7 40. Kd2 b5 41. b3 b4 42. Ng1 Be8 43. Nf3 Kg7 44. Ke2 1-0

[Event "Belgacom international championshp"]
[Site "Watermaal-Bosvoorde"]
[Date "1994.04.??"]
[Round "?"]
[White "Carlier, Bruno"]
[Black "Jadoul, Michel"]
[Result "0-1"]
[WhiteElo "2355"]
[BlackElo "2415"]
[WhiteTitle "IM"]
[BlackTitle "IM"]
[PlyCount "73"]
[Source "Personal correspondence with Mr. Alain Talon"]

1. e4 d5 2. exd5 Nf6 3. c4 c6 4. d4 cxd5 5. Nc3 g6 6. Qb3 Bg7 7. cxd5 O-O 8. Be2 Nbd7 9. Bf3 Nb6 10. Nge2 Bg4 11. Bxg4 Nxg4 12. a4 a5 13. O-O Qd6 14. Bf4 Qb4 15. Qd1 Rfd8 16. h3 Nf6 17. d6 exd6 18. b3 Nbd5 19. Nb5 Nxf4 20. Nxf4 d5 21. Rc1 Rac8 22. Rxc8 Rxc8 23. Qf3 Rd8 24. Rc1 Qe7 25. Qc3 Bh6 26. Re1 Ne4 27. Qf3 Qb4 28. Re3 Qd2 29. g3 Rc8 30. Kg2 Bxf4 31. Qxf4 Rc2 32. Qb8+ Kg7 33. Rf3 Nxf2 34. Qe5+ Kh6 35. Qf4+ Qxf4 36. Rxf4 Ne4+ 37. Kg1 0-1

[Event "Belgacom international championshp"]
[Site "Watermaal-Bosvoorde"]
[Date "1994.04.??"]
[Round "?"]
[White "Carlier, Bruno"]
[Black "Vandevoort, Pascal"]
[Result "0-1"]
[WhiteElo "2355"]
[BlackElo "2305"]
[WhiteTitle "IM"]
[PlyCount "78"]
[Source "Personal correspondence with Mr. Alain Talon"]

1. e4 c5 2. c3 b6 3. d4 e6 4. Nf3 Bb7 5. Bd3 cxd4 6. cxd4 Bb4+ 7. Bd2 Bxd2+ 8. Qxd2 Ne7 9. Nc3 O-O 10. O-O Na6 11. a3 Nc7 12. Ne1 f5 13. f3 fxe4 14. fxe4 Rxf1+ 15. Bxf1 Qe8 16. Nf3 Qh5 17. Qf4 Ne8 18. Be2 Ng6 19. Qe3 Nf6 20. h3 Rf8 21. Rc1 Qa5 22. Nd2 b5 23. Nxb5 Nf4 24. b4 Nxe2+ 25. Qxe2 Qb6 26. Rc5 Ba6 27. e5 Nd5 28. Ne4 Nf4 29. Qc4 d5 30. exd6 Qb7 31. Re5 Rc8 32. Qf1 Rc1 33. Qxc1 Ne2+ 34. Kh1 Nxc1 35. Nc5 Qxb5 36. d7 Qf1+ 37. Kh2 Qf4+ 38. Kh1 Qxd4 39. Rxe6 Kf7 0-1

[Event "Belgacom international championshp"]
[Site "Watermaal-Bosvoorde"]
[Date "1994.04.??"]
[Round "?"]
[White "Cekro, Ekrem"]
[Black "Vandevoort, Pascal"]
[Result "1-0"]
[WhiteElo "2415"]
[BlackElo "2305"]
[PlyCount "55"]
[Source "Personal correspondence with Mr. Alain Talon"]

1. c4 g6 2. g3 Bg7 3. Bg2 e5 4. Nc3 d6 5. e3 Nh6 6. Nge2 O-O 7. d4 Nd7 8. O-O f5 9. e4 f4 10. gxf4 Qh4 11. f3 exf4 12. Nd5 c5 13. Ndxf4 cxd4 14. Ne6 d3 15. Ng3 Qf6 16. Nxg7 Qd4+ 17. Kh1 Kxg7 18. Qd2 Ng8 19. b3 Ngf6 20. Bb2 Qc5 21. f4 h5 22. e5 dxe5 23. fxe5 Nxe5 24. Qg5 Nfg4 25. Nxh5+ Kg8 26. Bd5+ Kh7 27. Bxe5 Nf2+ 28. Rxf2 1-0

[Event "Belgacom international championshp"]
[Site "Watermaal-Bosvoorde"]
[Date "1994.04.??"]
[Round "?"]
[White "Cekro, Ekrem"]
[Black "Le Quang, Kim"]
[Result "1-0"]
[WhiteElo "2415"]
[BlackElo "2215"]
[PlyCount "111"]
[Source "Personal correspondence with Mr. Alain Talon"]

1. c4 g6 2. Nc3 Bg7 3. g3 e5 4. Bg2 d6 5. e3 Nf6 6. Nge2 O-O 7. d4 Nbd7 8. b3 Re8 9. h3 c6 10. Qc2 h5 11. O-O exd4 12. Nxd4 a5 13. Bb2 Nc5 14. Rad1 Qb6 15. Ba3 Bd7 16. Rd2 Rad8 17. Rfd1 Bc8 18. Bb2 Bd7 19. Kh2 Qc7 20. Kg1 Qc8 21. Kh2 Qc7 22. Nf3 Bf5 23. Qc1 Qe7 24. Re2 Nd3 25. Qa1 Nxb2 26. Qxb2 Bc8 27. Qa3 Qc7 28. Qc1 Nd7 29. Qc2 Nc5 30. Qd2 Qe7 31. Rc1 Qf6 32. e4 Qe7 33. Rce1 Qc7 34. Qc2 Qb6 35. Nd2 Qb4 36. Na4 Nxa4 37. bxa4 Qc5 38. Nb3 Qb4 39. Nd2 Be6 40. Rb1 Qc5 41. Rxb7 d5 42. exd5 cxd5 43. Rb5 Qc7 44. c5 d4 45. Qd3 Bf5 46. Be4 Bc8 47. Nc4 Re6 48. Nxa5 Ba6 49. Nb3 h4 50. c6 hxg3+ 51. fxg3 Qe7 52. Qc2 Rc8 53. Nc1 Be5 54. Bd5 Qg5 55. Bxe6 Qxg3+ 56. Kh1 1-0

[Event "Belgacom international championshp"]
[Site "Watermaal-Bosvoorde"]
[Date "1994.04.??"]
[Round "?"]
[White "Cekro, Ekrem"]
[Black "Lane, Gary William"]
[Result "1-0"]
[WhiteElo "2415"]
[BlackElo "2435"]
[BlackTitle "IM"]
[PlyCount "71"]
[Source "Personal correspondence with Mr. Alain Talon"]

1. c4 f5 2. g3 Nf6 3. Bg2 g6 4. Nc3 Bg7 5. Nf3 d6 6. d4 O-O 7. O-O c6 8. d5 e5 9. dxe6 Bxe6 10. Qd3 Ng4 11. Ng5 Bc8 12. Rd1 Ne5 13. Qc2 Na6 14. b3 Qf6 15. Bd2 h6 16. Nh3 Be6 17. Rac1 Rad8 18. Be3 b6 19. Bd4 Qf7 20. Qd2 Qe7 21. f4 c5 22. Nd5 Bxd5 23. Bxd5+ Kh7 24. fxe5 cxd4 25. e6 Nc7 26. Nf4 g5 27. Nd3 a5 28. e4 Kh8 29. exf5 Rxf5 30. Rf1 Rdf8 31. Rxf5 Rxf5 32. Qe2 Be5 33. Qe4 Qf6 34. g4 Nxd5 35. cxd5 Rf3 36. e7 1-0

[Event "Belgacom international championshp"]
[Site "Watermaal-Bosvoorde"]
[Date "1994.04.??"]
[Round "?"]
[White "Cools, Gorik"]
[Black "Le Quang, Kim"]
[Result "1-0"]
[WhiteElo "2300"]
[BlackElo "2215"]
[PlyCount "83"]
[Source "Personal correspondence with Mr. Alain Talon"]

1. e4 c5 2. Nf3 d6 3. d4 cxd4 4. Nxd4 Nf6 5. Nc3 e6 6. Be2 Be7 7. O-O O-O 8. f4 a6 9. a4 Qc7 10. Be3 Nc6 11. Nb3 b6 12. Bf3 Rb8 13. g4 Re8 14. g5 Nd7 15. Bg2 Bf8 16. Rf3 Na5 17. Nd4 g6 18. Bf2 Bb7 19. Nde2 Nc6 20. Rd3 Nc5 21. Rd2 Nb4 22. Qf1 Rbd8 23. Rad1 Rc8 24. Bg3 Qb8 25. Qf3 Qa8 26. Bf2 d5 27. exd5 exd5 28. Bd4 Ne4 29. Nxe4 dxe4 30. Qh3 Nxc2 31. Bc3 Nb4 32. Rd7 Rxc3 {Tcd8!} 33. bxc3 Nd3 34. f5 Qc8 35. Rxf7 Kxf7 36. Qxh7+ Bg7 37. fxg6+ Ke7 38. Qxg7+ Kd6 39. Qd4+ Kc7 40. Qc4+ Nc5 41. a5 Kb8 42. axb6 1-0

[Event "Belgacom international championshp"]
[Site "Watermaal-Bosvoorde"]
[Date "1994.04.??"]
[Round "?"]
[White "Cools, Gorik"]
[Black "Jadoul, Michel"]
[Result "1-0"]
[WhiteElo "2300"]
[BlackElo "2415"]
[BlackTitle "IM"]
[PlyCount "63"]
[Source "Personal correspondence with Mr. Alain Talon"]

1. e4 c5 2. Nc3 Nc6 3. Bb5 g6 4. f4 Bg7 5. Nf3 d6 6. Bxc6+ bxc6 7. O-O Nh6 8. d3 Rb8 9. Qe1 f5 10. e5 O-O 11. b3 Qc7 12. Bb2 Nf7 13. Na4 Nd8 14. Qh4 Ne6 15. Rae1 h6 16. Qg3 Kh7 17. Nh4 g5 18. fxg5 f4 19. exd6 exd6 20. g6+ Kg8 21. Qf2 Ng5 22. Qd2 Bxb2 23. Nxb2 d5 24. Qc3 Bg4 25. Qxc5 Rbe8 26. Rxe8 Rxe8 27. Qd4 Ne6 28. Qf2 Qg7 29. Na4 Nd4 30. Kh1 Ne2 31. g3 Qf6 32. gxf4 1-0

[Event "Belgacom international championshp"]
[Site "Watermaal-Bosvoorde"]
[Date "1994.04.??"]
[Round "?"]
[White "Geenen, Marc"]
[Black "Bolzoni, Victor-Angel"]
[Result "1/2-1/2"]
[WhiteElo "2320"]
[BlackElo "2295"]
[WhiteTitle "FM"]
[PlyCount "61"]
[Source "Personal correspondence with Mr. Alain Talon"]

1. e4 c5 2. Nf3 Nc6 3. d4 cxd4 4. Nxd4 Nf6 5. Nc3 d6 6. Be3 e5 7. Nb3 Be6 8. Bg5 a6 9. Nd5 Bxd5 10. exd5 Nb8 11. c4 Nbd7 12. Be2 Be7 13. Be3 Ne4 14. Qc2 Nec5 15. Nd2 b6 16. b4 Nb7 17. Bg4 Nf6 18. Qa4+ b5 19. cxb5 Nxg4 20. bxa6+ Qd7 21. Qxd7+ Kxd7 22. axb7 Rab8 23. Nc4 Rxb7 24. a3 Bd8 25. O-O Bc7 26. Rfd1 Rb5 27. Rd3 f5 28. h3 Nf6 29. Rad1 f4 30. Bc1 Rc8 31. Bb2 1/2-1/2

[Event "Belgacom international championshp"]
[Site "Watermaal-Bosvoorde"]
[Date "1994.04.??"]
[Round "?"]
[White "Geenen, Marc"]
[Black "Cools, Gorik"]
[Result "1-0"]
[WhiteElo "2320"]
[BlackElo "2300"]
[WhiteTitle "FM"]
[PlyCount "57"]
[Source "Personal correspondence with Mr. Alain Talon"]

1. e4 c5 2. Nf3 e6 3. d4 cxd4 4. Nxd4 Nc6 5. Nb5 d6 6. Bf4 e5 7. Be3 Nf6 8. Bg5 Be6 9. Bxf6 gxf6 10. Nd2 a6 11. Nc3 Rg8 12. g3 Rc8 13. Bc4 Nd4 14. Bxe6 fxe6 15. Nb3 Qb6 16. O-O Rc7 17. Nxd4 exd4 18. Ne2 e5 19. Rb1 Qc6 20. c3 Qxe4 21. cxd4 Rg5 22. Nc3 Qxd4 23. Nd5 Rf7 24. Qb3 Bh6 25. Rbc1 Qg4 26. Nc7+ Ke7 27. Qxb7 Kf8 28. Qd5 Qh5 29. Ne6+ 1-0

[Event "Belgacom international championshp"]
[Site "Watermaal-Bosvoorde"]
[Date "1994.04.??"]
[Round "?"]
[White "Geenen, Marc"]
[Black "Le Quang, Kim"]
[Result "1/2-1/2"]
[WhiteElo "2320"]
[BlackElo "2215"]
[WhiteTitle "FM"]
[PlyCount "42"]
[Source "Personal correspondence with Mr. Alain Talon"]

1. e4 c5 2. Nf3 d6 3. d4 cxd4 4. Nxd4 Nf6 5. Nc3 e6 6. f4 a6 7. Qf3 Qb6 8. a3 Nc6 9. Nb3 Qc7 10. Bd3 g6 11. O-O Bg7 12. Bd2 O-O 13. Kh1 b5 14. Rae1 Rb8 15. Qg3 b4 16. axb4 Rxb4 17. f5 Kh8 18. Qh3 Qb7 19. Ne2 Ra4 20. Nc3 Rb4 21. Ne2 Ra4 1/2-1/2

[Event "Belgacom international championshp"]
[Site "Watermaal-Bosvoorde"]
[Date "1994.04.??"]
[Round "?"]
[White "Geenen, Marc"]
[Black "Lane, Gary William"]
[Result "1/2-1/2"]
[WhiteElo "2320"]
[BlackElo "2435"]
[WhiteTitle "FM"]
[BlackTitle "IM"]
[PlyCount "24"]
[Source "Personal correspondence with Mr. Alain Talon"]

1. e4 e5 2. Nf3 Nc6 3. Bb5 a6 4. Bxc6 dxc6 5. O-O Bd6 6. d4 exd4 7. Qxd4 f6 8. Bd2 Qe7 9. Re1 Be6 10. e5 fxe5 11. Nxe5 Nf6 12. Nf3 h6 
{My source gives 1-0, but that seems highly implausible.} 1/2-1/2

[Event "Belgacom international championshp"]
[Site "Watermaal-Bosvoorde"]
[Date "1994.04.??"]
[Round "?"]
[White "Jadoul, Michel"]
[Black "Vandevoort, Pascal"]
[Result "1-0"]
[WhiteElo "2415"]
[BlackElo "2305"]
[WhiteTitle "IM"]
[PlyCount "71"]
[Source "Personal correspondence with Mr. Alain Talon"]

1. c4 e5 2. g3 Nc6 3. Bg2 g6 4. Nc3 Bg7 5. d3 d6 6. Rb1 Nge7 7. b4 a6 8. Nd5 O-O 9. e3 Bf5 10. Ne2 b5 11. e4 Be6 12. O-O f5 13. Bg5 h6 14. Nxe7+ Nxe7 15. Bxe7 Qxe7 16. exf5 Bxf5 17. Bxa8 Rxa8 18. f3 bxc4 19. dxc4 Bxb1 20. Qd5+ Kh7 21. Rxb1 Rf8 22. Nc3 Qg5 23. Qd3 Qf5 24. Qxf5 gxf5 25. Nd5 c6 26. Ne7 e4 27. Nxc6 Rc8 28. b5 axb5 29. cxb5 d5 30. f4 d4 31. b6 d3 32. b7 Re8 33. b8=Q Rxb8 34. Rxb8 e3 35. Kf1 Bc3 36. Re8 1-0

[Event "Belgacom international championshp"]
[Site "Watermaal-Bosvoorde"]
[Date "1994.04.??"]
[Round "?"]
[White "Jadoul, Michel"]
[Black "Bolzoni, Victor-Angel"]
[Result "1/2-1/2"]
[WhiteElo "2415"]
[BlackElo "2295"]
[WhiteTitle "IM"]
[PlyCount "46"]
[Source "Personal correspondence with Mr. Alain Talon"]

1. c4 Nf6 2. g3 g6 3. Bg2 d5 4. cxd5 Nxd5 5. Nc3 Nb6 6. Nf3 Bg7 7. O-O Nc6 8. d3 O-O 9. Be3 e5 10. Qd2 Nd4 11. Bh6 Qe7 12. Bxg7 Kxg7 13. Rac1 c6 14. Nxd4 exd4 15. Ne4 a5 16. Nc5 Rd8 17. e4 Nd7 18. Nb3 Qb4 19. Qf4 a4 20. Nd2 Qxb2 21. Nc4 Qxa2 22. e5 Re8 23. Qxd4 Nf8 1/2-1/2

[Event "Belgacom international championshp"]
[Site "Watermaal-Bosvoorde"]
[Date "1994.04.??"]
[Round "?"]
[White "Jadoul, Michel"]
[Black "Cekro, Ekrem"]
[Result "0-1"]
[WhiteElo "2415"]
[BlackElo "2415"]
[WhiteTitle "IM"]
[PlyCount "42"]
[Source "Personal correspondence with Mr. Alain Talon"]

1. e3 g6 2. c4 Bg7 3. Nc3 Nf6 4. g4 h5 5. g5 Nh7 6. h4 e5 7. Nf3 Nc6 8. d4 exd4 9. exd4 O-O 10. Be3 Re8 11. Qd2 d5 12. cxd5 Bg4 13. dxc6 Bxf3 14. cxb7 Rb8 15. Rh3 Bg4 16. Rg3 Rxb7 17. Be2 Bxe2 18. Qxe2 Qb8 19. Qd3 Rxb2 20. Kf1 Rd8 21. Rc1 c5 0-1

[Event "Belgacom international championshp"]
[Site "Watermaal-Bosvoorde"]
[Date "1994.04.??"]
[Round "?"]
[White "Lane, Gary William"]
[Black "Bolzoni, Victor-Angel"]
[Result "1/2-1/2"]
[WhiteElo "2435"]
[BlackElo "2295"]
[WhiteTitle "IM"]
[PlyCount "81"]
[Source "Personal correspondence with Mr. Alain Talon"]

1. e4 c5 2. Nf3 e6 3. d4 cxd4 4. Nxd4 Nf6 5. Nc3 d6 6. f4 Nc6 7. Nf3 Qb6 8. Bd3 Be7 9. Qe2 O-O 10. Rb1 a6 11. Be3 Qc7 12. a4 e5 13. O-O Nb4 14. Kh1 Bd7 15. Rbc1 Rac8 16. Qe1 Ng4 17. Bd2 exf4 18. Bxf4 Ne5 19. Qg3 f6 20. Nxe5 dxe5 21. Bh6 Rf7 22. Nd5 Qd8 23. Nxb4 Bxb4 24. Rcd1 Qe7 25. c3 Ba5 26. Bc2 Be6 27. Be3 Qc7 28. Qf2 Qc6 29. Rd2 Rd8 30. Rfd1 Rfd7 31. h3 Rxd2 32. Rxd2 Rxd2 33. Qxd2 Bb6 34. Kh2 Kf7 35. b4 Bxe3 36. Qxe3 Qc4 37. a5 Bd7 38. Qd3 Bb5 39. Qf3 Bc6 40. Qh5+ Kf8 41. Qf3 1/2-1/2

[Event "Belgacom international championshp"]
[Site "Watermaal-Bosvoorde"]
[Date "1994.04.??"]
[Round "?"]
[White "Lane, Gary William"]
[Black "Jadoul, Michel"]
[Result "1/2-1/2"]
[WhiteElo "2435"]
[BlackElo "2415"]
[WhiteTitle "IM"]
[BlackTitle "IM"]
[PlyCount "31"]
[Source "Personal correspondence with Mr. Alain Talon"]

1. e4 c5 2. Nf3 g6 3. d4 Bg7 4. dxc5 Qa5+ 5. c3 Qxc5 6. Be3 Qc7 7. Bd3 Nc6 8. Qd2 Nf6 9. Bh6 Bxh6 10. Qxh6 Qb6 11. Qd2 d6 12. Na3 Be6 13. Ng5 O-O 14. f4 d5 15. e5 Ng4 16. Nc2 1/2-1/2

[Event "Belgacom international championshp"]
[Site "Watermaal-Bosvoorde"]
[Date "1994.04.??"]
[Round "?"]
[White "Le Quang, Kim"]
[Black "Bolzoni, Victor-Angel"]
[Result "1/2-1/2"]
[WhiteElo "2215"]
[BlackElo "2295"]
[PlyCount "49"]
[Source "Personal correspondence with Mr. Alain Talon"]

1. e4 c5 2. Nf3 e6 3. d4 cxd4 4. Nxd4 Nf6 5. Nc3 d6 6. f4 Nc6 7. Be3 Qc7 8. Qf3 a6 9. Nb3 Nb4 10. Bd3 e5 11. f5 Be7 12. a3 Nxd3+ 13. cxd3 Bd7 14. g4 h6 15. Rc1 Qd8 16. h4 Bc6 17. d4 Qb6 18. dxe5 Qxb3 19. exf6 Bxf6 20. Rh2 Be5 21. Re2 Rc8 22. Kf2 b5 23. Nd5 Bb7 24. Rxc8+ Bxc8 25. Bf4 1/2-1/2

[Event "Belgacom international championshp"]
[Site "Watermaal-Bosvoorde"]
[Date "1994.04.??"]
[Round "?"]
[White "Vandevoort, Pascal"]
[Black "Cools, Gorik"]
[Result "1/2-1/2"]
[WhiteElo "2305"]
[BlackElo "2300"]
[PlyCount "85"]
[Source "Personal correspondence with Mr. Alain Talon"]

1. d4 Nf6 2. Nf3 g6 3. g3 Bg7 4. Bg2 O-O 5. O-O d6 6. c4 Nbd7 7. Nc3 e5 8. Qc2 Re8 9. Rd1 c6 10. b3 Qc7 11. e4 a5 12. h3 Bf8 13. Bg5 Nh5 14. Be3 Ng7 15. Rd2 f5 16. Rad1 Nf6 17. c5 Nxe4 18. Nxe4 fxe4 19. cxd6 Bxd6 20. Qxe4 exd4 21. Qxd4 Nf5 22. Qc4+ Be6 23. Qd3 Nxe3 24. Qxe3 Bd5 25. Qh6 Bf8 26. Qh4 Re4 27. Qg5 Rae8 28. Rd3 Re2 29. Qc1 Qb6 30. Nd4 Rxa2 31. Bxd5+ cxd5 32. Qg5 Qc5 33. Rf3 Bg7 34. Ne6 Rxe6 35. Rxd5 Ra1+ 36. Kg2 Qc6 37. Rd8+ Re8 38. Rxe8+ Qxe8 39. Qd5+ Kh8 40. Re3 Qg8 41. Qd7 Bf8 42. Re8 Qg7 43. Rxf8+ 1/2-1/2

[Event "Belgacom international championshp"]
[Site "Watermaal-Bosvoorde"]
[Date "1994.04.??"]
[Round "?"]
[White "Vandevoort, Pascal"]
[Black "Lane, Gary William"]
[Result "0-1"]
[WhiteElo "2305"]
[BlackElo "2435"]
[BlackTitle "IM"]
[PlyCount "70"]
[Source "Personal correspondence with Mr. Alain Talon"]

1. Nf3 f5 2. d3 d6 3. g3 Nf6 4. Bg2 g6 5. O-O Bg7 6. c4 Nc6 7. Nc3 e5 8. Bg5 h6 9. Bxf6 Qxf6 10. Nd5 Qf7 11. b4 e4 12. dxe4 Bxa1 13. Qxa1 O-O 14. b5 Nd8 15. Nh4 Kh7 16. exf5 Bxf5 17. e4 Be6 18. e5 dxe5 19. Qxe5 Qg7 20. Qe3 g5 21. Be4+ Kg8 22. Ng6 Re8 23. f4 Bf5 24. Nde7+ Rxe7 25. Bd5+ Re6 26. Ne5 g4 27. Rd1 c6 28. Bxe6+ Bxe6 29. bxc6 Bf5 30. Nd7 Nxc6 31. Nc5 Rc8 32. Kf2 Qf7 33. Rd5 Re8 34. Rxf5 Rxe3 35. Rxf7 Rf3+ 0-1

[Event "Belgacom international championshp"]
[Site "Watermaal-Bosvoorde"]
[Date "1994.04.??"]
[Round "?"]
[White "Vandevoort, Pascal"]
[Black "Le Quang, Kim"]
[Result "1-0"]
[WhiteElo "2305"]
[BlackElo "2215"]
[PlyCount "84"]
[Source "Personal correspondence with Mr. Alain Talon"]

1. Nf3 Nf6 2. d4 g6 3. Bg5 Bg7 4. Nbd2 d5 5. c3 O-O 6. b4 Nbd7 7. e3 Re8 8. Be2 c6 9. O-O a5 10. a4 h6 11. Bh4 e5 12. bxa5 Qxa5 13. Qc2 e4 14. Nb3 Qd8 15. Nfd2 g5 16. Bg3 h5 17. c4 h4 18. Bd6 Re6 19. Ba3 Ne8 20. Rfc1 Rg6 21. Qd1 Ndf6 22. a5 g4 23. cxd5 cxd5 24. Bb4 Bh6 25. g3 hxg3 26. hxg3 Qd7 27. Nc5 Qf5 28. Na4 Be6 29. Nb6 Rb8 30. Qa4 Qh5 31. Bf1 Nh7 32. Nc8 Nef6 33. Ne7+ Kg7 34. Nxg6 Kxg6 35. Bd6 Rh8 36. Bf4 Bxf4 37. exf4 Ng5 38. Bg2 Nf3+ 39. Kf1 Qh2 40. Ke2 Qxg2 41. Rf1 Nxd2 42. Kxd2 e3+ 1-0